[Event "Quenza op 12th"]
[Site "Quenza"]
[Date "2023.07.23"]
[Round "2"]
[White "Geronimi, Paul Antoine"]
[Black "Travadon, Loic"]
[Result "0-1"]
[WhiteElo "1673"]
[BlackElo "2463"]
[PlyCount "68"]
[EventDate "2023.07.23"]
[EventType "swiss"]
[EventRounds "9"]
[EventCountry "FRA"]
[SourceTitle "CBM 215 Extra"]
[Source "ChessBase"]
[SourceDate "2023.09.30"]
[SourceVersion "1"]
[SourceVersionDate "2023.09.30"]
[SourceQuality "1"]

1. e4 e5 2. Nf3 d6 3. Bc4 Nf6 4. d3 Be7 5. h3 0-0 6. Be3 c6 7. Qd2 h6 8. Bxh6 gxh6 9. Qxh6 d5 10. exd5 cxd5 11. Bb3 Nc6 12. g4 e4 13. dxe4 Nxe4 14. g5 Bf5 15. Rg1 Bg6 16. h4 Re8 17. h5 Bf8 18. hxg6 Bxh6 19. gxh6 Ng5+ 20. Kf1 Nxf3 21. gxf7+ Kxf7 22. Rg7+ Kf6 23. Kg2 Nh4+ 24. Kg3 Nf5+ 25. Kf4 Qd6+ 26. Kg4 Nxh6+ 27. Kh5 Kxg7 28. Nd2 Na5 29. Rg1+ Kh7 30. Nf3 Re5+ 31. Kh4 Nxb3 32. Ng5+ Rxg5 33. Rxg5 Qf4+ 34. Kh5 Qxg5+ 0-1

[Event "Bastia blindfold rap 2nd"]
[Site "Bastia"]
[Date "2007.05.19"]
[Round "3"]
[White "Autran, Yann"]
[Black "Geronimi, Paul Antoine"]
[Result "1-0"]
[WhiteElo "1997"]
[BlackElo "1708"]
[PlyCount "26"]
[EventDate "2007.05.19"]
[EventType "swiss (rapid)"]
[EventRounds "5"]
[EventCountry "FRA"]
[SourceTitle "EXT 2008"]
[Source "ChessBase"]
[SourceDate "2007.11.25"]
[SourceVersion "1"]
[SourceVersionDate "2007.11.25"]
[SourceQuality "1"]

1. b3 e5 2. Bb2 Nc6 3. e3 d5 4. Bb5 Bd6 5. Ne2 Bd7 6. 0-0 Nf6 7. f4 0-0 8. d3 a6 9. Bxc6 Bxc6 10. fxe5 Bc5 11. exf6 Bxe3+ 12. Kh1 Qxf6 13. Bxf6 gxf6 1-0

[Event "Bastia blindfold rap 2nd"]
[Site "Bastia"]
[Date "2007.05.19"]
[Round "1"]
[White "Orsoni, Jean Philippe"]
[Black "Geronimi, Paul Antoine"]
[Result "0-1"]
[WhiteElo "1907"]
[BlackElo "1708"]
[PlyCount "28"]
[EventDate "2007.05.19"]
[EventType "swiss (rapid)"]
[EventRounds "5"]
[EventCountry "FRA"]
[SourceTitle "EXT 2008"]
[Source "ChessBase"]
[SourceDate "2007.11.25"]
[SourceVersion "1"]
[SourceVersionDate "2007.11.25"]
[SourceQuality "1"]

1. e4 e5 2. Nf3 Nc6 3. d4 exd4 4. Bc4 Bc5 5. 0-0 d6 6. c3 Nf6 7. cxd4 Bb6 8. Nc3 0-0 9. Bg5 h6 10. Bh4 Bg4 11. Nd5 g5 12. Nxb6 axb6 13. Bg3 Re8 14. d5 Ne5 0-1

[Event "Bastia blindfold rap 2nd"]
[Site "Bastia"]
[Date "2007.05.19"]
[Round "5"]
[White "Pieri, Pierre Louis"]
[Black "Geronimi, Paul Antoine"]
[Result "1-0"]
[WhiteElo "1760"]
[BlackElo "1708"]
[PlyCount "23"]
[EventDate "2007.05.19"]
[EventType "swiss (rapid)"]
[EventRounds "5"]
[EventCountry "FRA"]
[SourceTitle "EXT 2008"]
[Source "ChessBase"]
[SourceDate "2007.11.25"]
[SourceVersion "1"]
[SourceVersionDate "2007.11.25"]
[SourceQuality "1"]

1. d4 d5 2. c4 dxc4 3. e4 e6 4. Bxc4 Nf6 5. Nc3 Nc6 6. Be3 Bb4 7. f3 Bxc3+ 8. bxc3 0-0 9. Bd3 Re8 10. e5 Nd5 11. Ne2 Qd7 12. Bc2 1-0

[Event "Aveugle op"]
[Site "Aveugle"]
[Date "2006.04.08"]
[Round "1"]
[White "Geronimi, Paul Antoine"]
[Black "Bigonnet, Jean Michel"]
[Result "1-0"]
[WhiteElo "1752"]
[BlackElo "1730"]
[PlyCount "23"]
[EventDate "2006.04.08"]
[EventType "swiss"]
[EventRounds "4"]
[EventCountry "FRA"]
[SourceTitle "EXT 2008"]
[Source "ChessBase"]
[SourceDate "2007.11.25"]
[SourceVersion "1"]
[SourceVersionDate "2007.11.25"]
[SourceQuality "1"]

1. e4 c5 2. Nf3 a6 3. d4 cxd4 4. Nxd4 Nf6 5. Nc3 d6 6. Bc4 e6 7. 0-0 b5 8. Bb3 Be7 9. Re1 0-0 10. Bg5 h6 11. Bh4 Nc6 12. Nxc6 1-0

[Event "Bastiais Master 2nd"]
[Site "Bastia"]
[Date "2005.11.11"]
[Round "3"]
[White "Morganti, Noel"]
[Black "Geronimi, Paul Antoine"]
[Result "0-1"]
[WhiteElo "1624"]
[BlackElo "1610"]
[PlyCount "28"]
[EventDate "2005.10.07"]
[EventType "swiss"]
[EventRounds "7"]
[EventCountry "FRA"]
[SourceTitle "EXT 2007"]
[Source "ChessBase"]
[SourceDate "2006.11.23"]
[SourceVersion "1"]
[SourceVersionDate "2006.11.23"]
[SourceQuality "1"]

1. e4 e5 2. Nf3 Nc6 3. d4 exd4 4. Bc4 Bc5 5. 0-0 d6 6. c3 Bg4 7. b4 Bb6 8. Qb3 Qf6 9. Ng5 Ne5 10. Bb2 Qxg5 11. f4 Nf3+ 12. Rxf3 dxc3+ 13. Kh1 Qh4 14. g3 Bxf3# 0-1

[Event "Bastiais Master 2nd"]
[Site "Bastia"]
[Date "2005.10.07"]
[Round "1"]
[White "Bigonnet, Jean Michel"]
[Black "Geronimi, Paul Antoine"]
[Result "1-0"]
[WhiteElo "1740"]
[BlackElo "1610"]
[PlyCount "81"]
[EventDate "2005.10.07"]
[EventType "swiss"]
[EventRounds "7"]
[EventCountry "FRA"]
[SourceTitle "EXT 2007"]
[Source "ChessBase"]
[SourceDate "2006.11.23"]
[SourceVersion "1"]
[SourceVersionDate "2006.11.23"]
[SourceQuality "1"]

1. e4 e5 2. Nf3 Nc6 3. d4 exd4 4. Bc4 Bc5 5. 0-0 d6 6. c3 Bg4 7. h3 Bxf3 8. Qxf3 Ne5 9. Qe2 Nf6 10. Bb3 d3 11. Qd1 0-0 12. Bg5 Re8 13. Kh1 Qe7 14. Nd2 Rad8 15. f3 h6 16. Bh4 g5 17. Bg3 Nh5 18. Bh2 Qf6 19. f4 Nxf4 20. g3 Be3 21. gxf4 Bxf4 22. Bxf4 gxf4 23. Rg1+ Kh8 24. Qh5 Kh7 25. Rg2 Rg8 26. Rag1 Ng6 27. Nf3 Rg7 28. Ng5+ Kg8 29. Qxh6 c6 30. h4 d5 31. h5 d4 32. hxg6 Qxg6 33. Qxg6 Rxg6 34. Bxf7+ Kg7 35. Bxg6 Kxg6 36. Ne6+ Kf6 37. Nxd8 Ke5 38. cxd4+ Kxe4 39. Ne6 Ke3 40. Re1+ Kf3 41. Ng5# 1-0